00960nam a2200229 a 4500001001000000003000500010005001700015008004100032010001100073011001100084040000900095100003400104245018500138260004100323500006000364502011200424650002700536650002100563650004400584700003200628856007000660000108912CHAP20220329144029.0140319s2013 mx a |sm |||||||spa|d a105374 a106346 cCHAP1 aGarcía Hernández, Aurelio10aCalculo, instalación y evaluación de un sistema fotovoltaico que alimenta una estación de bombeoh[En línea]cpor Aurelio García Hernández y Gabino Hernández Aguilar. aChapingo, Méx. :bEl autor,c2013. aPara ver el contenido del material haga clic en la liga aTesis (Ing. Agr. Esp. en Mecánica Agrícola) -- UACH. Departamento de Ingeniería Mecánica Agrícola14aEnergía eléctrica.14aEnergía solar.14aGeneración de energía fotovoltaica.1 aHernández Aguilar, Gabino aFinding aiduhttp://10.13.5.2/tesis/sist108912.pdfzTeclea aquí